Estatísticas para Cultura Geral

Clique aqui para jogar o quiz

Estatísticas Gerais

  • Esse quiz foi jogado 6 vezes
  • A pontuação média é 5 de 15

Estatísticas das Respostas

HintResposta% Correto
Que nome damos ao prémio que pode ser dividido em ouro, prata e bronze?Medalha
100%
Que nome damos a uma pessoa que acredita-se ser capaz de expulsar o diabo ou outros demónios?Exorcista
80%
Que nome damos á tendência ou prática parafílica, pela qual uma pessoa busca prazer ao sentir dor ou imaginar que a sente?Masoquismo
80%
Que nome damos a um objeto que um indivíduo acredita que pode trazer sorte ou proteção?Amuleto
60%
Que nome damos a uma lança utilizada para pesca, servindo para fisgar peixes grandes e baleias?Arpão
40%
Em que país podemos encontrar o Palácio de Hofburg?Áustria
40%
Que nome damos a uma reunião formal de pessoas para dançar?Baile
40%
Que nome damos ao exame endoscópico do intestino grosso e porção distal do íleo?Colonoscopia
40%
Que nome damos ao gesto afectivo entre duas criaturas que pode envolver contacto físico, palavras, ou simplemente um olhar?Carinho
20%
Que nome damos á parte da cobertura superior de um navio, que está compreendida entre o mastro do traquete e o grande?Convés
20%
Que nome damos ao termo que denota o ato de sentir prazer provocando dor em outro ser vivo?Sadismo
20%
Que nome damos á predição do futuro mediante interpretação das condições atmosféricas?Aeromancia
0%
Que nome damos á ciência, arte, prática ou tecnologia, de planejar e executar uma viagem de um ponto de partida até seu destino?Navegação
0%
Que nome damos á secção traseira de uma embarcação?Popa
0%
Que nome damos ao estilo de dança em que grande parte dos movimentos se concentram nos quadris e em agachamentos?Twerk
0%

Distribuição das Pontuações

Percentil de Números Respondidos

Porcentagem de Pessoas com Cada Pontuação

Sua Pontuação Histórica

Você não jogou esse quiz